Actas de la Junta Municipal de Propios de Santa-Fé de Bogotá (Registro nro. 325994)

Detalles MARC
000 -ENCABEZADO
Número de control [NR] 01768nam a22002057a 4500
005 - FECHA Y HORA DE LA ÚLTIMA TRANSACCIÓN
control field 20260121151825.0
008 - DE LONGITUD FIJA DE DATOS DE ELEMENTOS - INFORMACIÓN GENERAL
Elementos de longitud fija [NR] 260121s1938 ck a|||fr|||| 001 0 spa d
040 ## - FUENTE DE CATALOGACION [NR]
Agencia de catalogación original [NR] CO-BoUCM
Idioma de catalogación [NR] spa
Quien Cataloga Sandra Yazo
Quien Clasifica Sandra Yazo
041 0# - CODIGO DE IDIOMA [R]
Código de idioma para texto/pista de sonido o título separado [R] Español
082 ## - NUMERO DE CLASIFICACION DECIMAL DEWEY [R]
Número de la edición [NR] 20
Número de clasificación [R] 986.105
092 ## - SIGNATURA TOPOGRAFICA LOCAL
Número de clasificación local E54N072
110 1# - ASIENTO PRINCIPAL--NOMBRE CORPORATIVO [NR]
Unidad subordinada [R] Concejo Municipal de Bogotá
ID de autoridad 187686
245 10 - MENCION DE TITULO [NR]
Título [NR] Actas de la Junta Municipal de Propios de Santa-Fé de Bogotá
Parte restante del título [NR] Volumen 1 - 3
260 ## - PUBLICACION, DISTRIBUCION, ETC. (PIE DE IMPRENTA) [R]
Lugar de publicación, distribución, etc. [R] Bogotá (Colombia)
Nombre del editor, distribuidor, etc. [R] Ediciones del Concejo
Fecha de publicación, distribución, etc. [R] 1938
300 ## - DESCRIPCION FISICA [R]
Extensión [R] 3 volúmenes (xiv, 322 ; vi, 334 ; iii, 278 páginas)
Dimensiones [R] 30 x 23 cm
500 ## - NOTA GENERAL [R]
Nota general [NR] Detalles físicos: Encuadernación flexible. Tapa delantera y lomo impresa y decorada en dos tintas, con el título de la obra. Hoja de cortesía. Portadas (3) impresas en dos tintas. Dedicatoria. Introducción con título y mayúscula capital en rojo. Hoja de papel satinado (papel protector transparente) con escudo de Bogotá en colores. Texto impreso en una sola columna. Márgenes muy amplios. Notas de pie de página. Tomo I y II incluyen hojas de papel satinado con ilustraciones de retratos (en blanco y negro) y cuadros (en color). Tapas sucias y manchadas por el roce. Restos de cintas pegantes antiguas en lomo y tapas. Cortes manchados. En Vol.1, carta entrega de libros a Monseñor José Vicente Castro Silva (1930)
505 ## - NOTA DE CONTENIDO CON FORMATO PREESTABLECIDO [R]
Nota de contenido con formato preestablecido [NR] Vol.1: Documentos preliminares. Actas de la Junta de Propios: del 19 de septiembre de 1797 al 20 de diciembre de 1808. Vol.2: Documentos preliminares. Actas de la Junta de Propios: del 3 de enero de 1809 al 14 de diciembre de 1820. Vol.3: Documentos preliminares. Actas de la Junta de Propios: del 9 de enero de 1821 al 23 de diciembre de 1823. Apéndices.
506 ## - NOTA DE RESTRICCIONES DE ACCESO [R]
Condiciones de acceso [NR] Consulta en sala
942 ## - ELEMENTOS DE ENTRADA AGREGADOS (KOHA)
Sistema de clasificación LOCAL
Tipo de ítem principal el descrito en 300a Libro
Edición 1
Clasificación E54N072
Existencias
Suprimido Perdido Sistema de clasificación Dañado No prestable Tipo de ítem específico Ubicación habitual Ubicación actual Localización Fecha de creación Forma de adquisición Costo Volúmen / Fascículo Total préstamos Signatura topográfica Código de barras Última vez visto Ejemplar Price effective from Tipo de ítem
    LOCAL     Libro archivo Archivo Histórico Archivo Histórico Archivo histórico 21/01/2026 Donación 0.00 V.1   E54N072 L007226 21/01/2026 Ej.1 21/01/2026 Libro
    LOCAL     Libro archivo Archivo Histórico Archivo Histórico Archivo histórico 21/01/2026 Donación 0.00 V.2   E54N072 L007227 21/01/2026 Ej.1 21/01/2026 Libro
    LOCAL     Libro archivo Archivo Histórico Archivo Histórico Archivo histórico 21/01/2026 Donación 0.00 V.3   E54N072 L007228 21/01/2026 Ej.1 21/01/2026 Libro